Central Library OPAC University of Rajshahi

Economic census 2013 : (Record no. 65353)

MARC details
000 -LEADER
fixed length control field 00919nam a2200265 a 4500
001 - CONTROL NUMBER
control field 65353
003 - CONTROL NUMBER IDENTIFIER
rucl marc code BD-RjUL
005 - DATE AND TIME OF LATEST TRANSACTION
control field 20211209081419.0
008 - FIXED-LENGTH DATA ELEMENTS--GENERAL INFORMATION
fixed length control field 180503s2015 bg a 001 0 eng d
020 ## - INTERNATIONAL STANDARD BOOK NUMBER
International Standard Book Number 9879843396006
Terms of availability : Complementary
035 ## - SYSTEM CONTROL NUMBER
System control number (BD-RjUL) 65483
040 ## - CATALOGING SOURCE
Original cataloging agency BD-RjUL
Transcribing agency BD-RjUL
Language of cataloging eng
Modifying agency BD-RjUL
041 ## - LANGUAGE CODE
Language code of text/sound track or separate title eng
082 00 - DEWEY DECIMAL CLASSIFICATION NUMBER
Classification number 330.95492021
Author mark and year BAE 2015
Edition number 23
110 1# - MAIN ENTRY--CORPORATE NAME
Corporate name or jurisdiction name as entry element Bangladesh Bureau of Statistics (BBS)
9 (RLIN) 221264
245 10 - TITLE STATEMENT
Title Economic census 2013 :
Remainder of title (in abridged form) /
Statement of responsibility, etc. Bangladesh Bureau of Statistics (BBS)
246 ## - VARYING FORM OF TITLE
Title proper/short title Report on Economic census 2013
260 ## - PUBLICATION, DISTRIBUTION, ETC. (IMPRINT)
Place of publication, distribution, etc. Dhaka:
Name of publisher, distributor, etc. BBS,
Date of publication, distribution, etc. 2015
300 ## - PHYSICAL DESCRIPTION
Pagination [2 part] ;
Size 28 cm
500 ## - GENERAL NOTE
General note "Chiefly statistical tables."
General note Information of "Part 1 & Part 2" found from BBS Publications"
505 0# - FORMATTED CONTENTS NOTE
Formatted contents note Part 1-- Part 2
650 ## - SUBJECT ADDED ENTRY--TOPICAL TERM
Topical term or geographic name as entry element Bangladesh
General subdivision Economic conditions
Chronological subdivision 21st century
General subdivision Statistics.
9 (RLIN) 221261
942 ## - ADDED ENTRY ELEMENTS (KOHA)
Source of classification or shelving scheme Dewey Decimal Classification
Koha item type Rare Books
Holdings
Lost status Source of classification or shelving scheme Damaged status Not for loan Collection code Permanent Location Current Location Shelving location Date acquired Source of acquisition Total Checkouts Full call number Date last seen Copy number Koha item type
  Dewey Decimal Classification   Not For Loan Rare Books Central Library, University of Rajshahi Central Library, University of Rajshahi Rare Book Section 02/11/2017 BBS, Dhaka, Bangladesh   RA 330.95492021 BAE Pt-1 2015 26/04/2018 C-1 Rare Books
  Dewey Decimal Classification   Not For Loan Rare Books Central Library, University of Rajshahi Central Library, University of Rajshahi Rare Book Section 02/11/2017 BBS, Dhaka, Bangladesh   RA 330.95492021 BAE Pt-2 2015 26/04/2018 C-1 Rare Books